[Event "Arco op 41st"]
[Site "Arco"]
[Date "2019.10.05"]
[Round "2"]
[White "Rieke, Theo"]
[Black "Wagner, Frank"]
[Result "1/2-1/2"]
[WhiteElo "2019"]
[BlackElo "1766"]
[PlyCount "26"]
[EventDate "2019.10.04"]
[EventType "swiss"]
[EventRounds "9"]
[EventCountry "ITA"]
[SourceTitle "EXT 2020"]
[Source "ChessBase"]
[SourceDate "2019.10.17"]
[SourceVersion "1"]
[SourceVersionDate "2019.10.17"]
[SourceQuality "1"]

1. c4 Nf6 2. Nf3 g6 3. Nc3 Bg7 4. e4 d6 5. d4 0-0 6. Be2 Nbd7 7. 0-0 e5 8. d5 h6 9. Ne1 Kh7 10. Nd3 b6 11. Be3 Nc5 12. f3 Nxd3 13. Bxd3 Ng8 1/2-1/2

[Event "Arco op 41st"]
[Site "Arco"]
[Date "2019.10.04"]
[Round "1"]
[White "Shehzad, Alisha"]
[Black "Rieke, Theo"]
[Result "1/2-1/2"]
[WhiteElo "1678"]
[BlackElo "2019"]
[PlyCount "36"]
[EventDate "2019.10.04"]
[EventType "swiss"]
[EventRounds "9"]
[EventCountry "ITA"]
[SourceTitle "EXT 2020"]
[Source "ChessBase"]
[SourceDate "2019.10.17"]
[SourceVersion "1"]
[SourceVersionDate "2019.10.17"]
[SourceQuality "1"]

1. e4 c5 2. Nf3 e6 3. d4 cxd4 4. Nxd4 Nc6 5. Be3 Nf6 6. Nc3 Bb4 7. Bd3 d5 8. Nxc6 bxc6 9. exd5 cxd5 10. Bd4 0-0 11. 0-0 Qe7 12. Re1 Bc5 13. Be5 Bd6 14. Qe2 Bb7 15. Nb5 Bxe5 16. Qxe5 Rfd8 17. c3 Rd7 18. Rad1 a6 1/2-1/2

[Event "GER-ch Seniors 50"]
[Site "Hamburg"]
[Date "2018.07.29"]
[Round "9"]
[White "Kebbedies, Frank"]
[Black "Rieke, Theo"]
[Result "1/2-1/2"]
[WhiteElo "1741"]
[BlackElo "2022"]
[PlyCount "24"]
[EventDate "2018.07.21"]
[EventType "swiss"]
[EventRounds "9"]
[EventCountry "GER"]
[SourceTitle "CBM 186 Extra"]
[Source "ChessBase"]
[SourceDate "2018.08.24"]
[SourceVersion "1"]
[SourceVersionDate "2018.08.24"]
[SourceQuality "1"]

1. d4 g6 2. Nf3 Bg7 3. g3 d6 4. c4 Nf6 5. Nc3 0-0 6. Bg2 Nc6 7. 0-0 a6 8. e4 Bg4 9. h3 Bxf3 10. Bxf3 e5 11. d5 Nd4 12. Bg2 c5 1/2-1/2

[Event "GER-ch Seniors 50"]
[Site "Hamburg"]
[Date "2018.07.27"]
[Round "7"]
[White "Cmiel, Thorsten"]
[Black "Rieke, Theo"]
[Result "1/2-1/2"]
[WhiteElo "2132"]
[BlackElo "2022"]
[PlyCount "37"]
[EventDate "2018.07.21"]
[EventType "swiss"]
[EventRounds "9"]
[EventCountry "GER"]
[SourceTitle "CBM 186 Extra"]
[Source "ChessBase"]
[SourceDate "2018.08.24"]
[SourceVersion "1"]
[SourceVersionDate "2018.08.24"]
[SourceQuality "1"]

1. d4 Nf6 2. Bg5 e6 3. e4 h6 4. Bxf6 Qxf6 5. c3 d6 6. Bd3 g6 7. Ne2 Bg7 8. 0-0 Qe7 9. f4 Nd7 10. Nd2 b6 11. Qa4 Bb7 12. Ba6 Bxa6 13. Qxa6 c5 14. Qb7 0-0 15. dxc5 Rfb8 16. Qc7 bxc5 17. Nc4 d5 18. Rad1 Rc8 19. Qb7 1/2-1/2

[Event "GER-ch Seniors 50"]
[Site "Hamburg"]
[Date "2018.07.22"]
[Round "2"]
[White "Rieke, Theo"]
[Black "Esswein, Karlheinz"]
[Result "1/2-1/2"]
[WhiteElo "2022"]
[BlackElo "2076"]
[PlyCount "84"]
[EventDate "2018.07.21"]
[EventType "swiss"]
[EventRounds "9"]
[EventCountry "GER"]
[SourceTitle "CBM 186 Extra"]
[Source "ChessBase"]
[SourceDate "2018.08.24"]
[SourceVersion "1"]
[SourceVersionDate "2018.08.24"]
[SourceQuality "1"]

1. Nf3 d5 2. d4 Nf6 3. c4 e6 4. Nc3 Be7 5. Bg5 h6 6. Bh4 0-0 7. e3 b6 8. Qb3 Bb7 9. Bxf6 Bxf6 10. cxd5 exd5 11. Be2 Re8 12. 0-0 c6 13. Rad1 Nd7 14. Qc2 Rc8 15. e4 dxe4 16. Nxe4 Be7 17. Ne5 Nf6 18. Qb3 Nd5 19. Bh5 Rf8 20. Qf3 Nf6 21. Nxf6+ Bxf6 22. Qb3 Rc7 23. Rfe1 Re7 24. Re3 Qd5 25. Qxd5 cxd5 26. f4 Rfe8 27. Ra3 a6 28. Rb3 b5 29. Bg4 Rc8 30. Bf5 g6 31. Bd3 Rce8 32. Ra1 Rc8 33. a4 bxa4 34. Rxb7 Rxb7 35. Bxa6 Rbc7 36. Bxc8 Rxc8 37. Rxa4 Rc1+ 38. Kf2 Rc2+ 39. Kf3 Rxb2 40. Ra5 Rb3+ 41. Kf2 Rb2+ 42. Kf3 Rb3+ 1/2-1/2

[Event "GER-ch Seniors 50"]
[Site "Hamburg"]
[Date "2018.07.21"]
[Round "1"]
[White "Drumm, Beate"]
[Black "Rieke, Theo"]
[Result "1/2-1/2"]
[WhiteElo "1491"]
[BlackElo "2022"]
[PlyCount "28"]
[EventDate "2018.07.21"]
[EventType "swiss"]
[EventRounds "9"]
[EventCountry "GER"]
[SourceTitle "CBM 186 Extra"]
[Source "ChessBase"]
[SourceDate "2018.08.24"]
[SourceVersion "1"]
[SourceVersionDate "2018.08.24"]
[SourceQuality "1"]

1. d4 Nf6 2. c4 g6 3. Nc3 Bg7 4. e4 d6 5. Nf3 0-0 6. Be3 Nbd7 7. Qd2 e5 8. Bh6 exd4 9. Nxd4 Re8 10. f3 Nc5 11. Bxg7 Kxg7 12. 0-0-0 a5 13. h4 h5 14. Bd3 Nxd3+ 1/2-1/2

[Event "NRW Class1 1617"]
[Site "Germany"]
[Date "2016.09.25"]
[Round "1.7"]
[White "Rieke, Theo"]
[Black "Molinaroli, Martin"]
[Result "1-0"]
[WhiteElo "2027"]
[BlackElo "2274"]
[PlyCount "123"]
[EventDate "2016.09.25"]
[EventType "team-tourn"]
[EventRounds "9"]
[EventCountry "GER"]
[SourceTitle "EXT 2023"]
[Source "ChessBase"]
[SourceDate "2022.10.05"]
[SourceVersion "1"]
[SourceVersionDate "2022.10.05"]
[SourceQuality "1"]
[WhiteTeam "Neuenkirchen"]
[BlackTeam "Muenster SK"]
[WhiteTeamCountry "GER"]
[BlackTeamCountry "GER"]

1. c4 g6 2. Nc3 Bg7 3. d4 c5 4. d5 Bxc3+ 5. bxc3 f5 6. h4 Nf6 7. h5 Nxh5 8. e4 Nf6 9. exf5 gxf5 10. Bd3 d6 11. Qf3 Nbd7 12. Bf4 Ne5 13. Bxe5 dxe5 14. Bxf5 Bxf5 15. Qxf5 Qd7 16. Qxd7+ Kxd7 17. Nf3 e4 18. Ne5+ Kc7 19. f4 exf3 20. gxf3 Rhg8 21. Kf2 Raf8 22. Rae1 Rg7 23. Nd3 Nd7 24. Rh4 Rgf7 25. f4 Rg8 26. Reh1 Rgg7 27. Kf3 Kd6 28. a4 Kc7 29. a5 a6 30. Rh6 Kc8 31. R1h3 Kc7 32. R6h4 Kc8 33. Ke3 Nf6 34. Nxc5 Ng4+ 35. Kd2 Nf6 36. Ke3 Rg1 37. Rh1 Rfg7 38. Rxg1 Rxg1 39. Kd4 Re1 40. Rh3 Ra1 41. Re3 Rd1+ 42. Nd3 Kd8 43. c5 h5 44. c4 Ng4 45. Rh3 Nf2 46. Rf3 Ng4 47. Kc3 Ra1 48. Rh3 Nf6 49. Kd4 Rxa5 50. Rg3 Ra1 51. d6 Ng4 52. Kd5 Kd7 53. Ne5+ Nxe5 54. fxe5 e6+ 55. Kd4 Rd1+ 56. Kc3 Kc6 57. Rg7 Kxc5 58. Rxb7 Rc1+ 59. Kd2 Rg1 60. Rc7+ Kd4 61. d7 Rg2+ 62. Kd1 1-0

[Event "GER-chA Seniors 28th"]
[Site "Niederhausen"]
[Date "2016.08.19"]
[Round "7"]
[White "Winand, Edgar"]
[Black "Rieke, Theo"]
[Result "0-1"]
[WhiteElo "1895"]
[BlackElo "2020"]
[PlyCount "82"]
[EventDate "2016.08.13"]
[EventType "swiss"]
[EventRounds "9"]
[EventCountry "GER"]
[SourceTitle "EXT 2019"]
[Source "ChessBase"]
[SourceDate "2018.10.10"]
[SourceVersion "1"]
[SourceVersionDate "2018.10.10"]
[SourceQuality "1"]

1. g4 d5 2. Bg2 c6 3. h3 e5 4. d3 Be6 5. Nc3 Bd6 6. e4 Ne7 7. Nf3 d4 8. Ne2 Ng6 9. 0-0 c5 10. Ng5 Nc6 11. Ng3 h6 12. Nxe6 fxe6 13. Qe2 Qe7 14. Nh5 0-0 15. g5 hxg5 16. Qg4 Nf4 17. Bf3 Qf7 18. Bd1 g6 19. Ng3 Kg7 20. Kh2 Qf6 21. Rg1 Rh8 22. Bxf4 exf4 23. Nf1 Rh4 24. e5 Bxe5 25. Qf3 Rah8 26. Rg4 Rxh3+ 27. Qxh3 f3+ 28. Ng3 Rxh3+ 29. Kxh3 Kf7 30. Kh2 Bd6 31. Kg1 Bxg3 32. Rxg3 Ne5 33. c3 Qf4 34. cxd4 cxd4 35. Bb3 Nxd3 36. Rd1 Nc1 37. Re1 Nxb3 38. axb3 d3 39. Re3 d2 40. Rd3 g4 41. Kf1 Qc7 0-1

[Event "GER-chA Seniors 28th"]
[Site "Niederhausen"]
[Date "2016.08.14"]
[Round "2"]
[White "Rieke, Theo"]
[Black "Herbrechtsmeier, Christof"]
[Result "1/2-1/2"]
[WhiteElo "2020"]
[BlackElo "2257"]
[PlyCount "101"]
[EventDate "2016.08.13"]
[EventType "swiss"]
[EventRounds "9"]
[EventCountry "GER"]
[SourceTitle "EXT 2019"]
[Source "ChessBase"]
[SourceDate "2018.10.10"]
[SourceVersion "1"]
[SourceVersionDate "2018.10.10"]
[SourceQuality "1"]

1. e4 g6 2. d4 Bg7 3. Nc3 d5 4. exd5 Nf6 5. Bc4 Nbd7 6. Bg5 0-0 7. Bxf6 Nxf6 8. Nge2 b5 9. Bxb5 Nxd5 10. Bc4 Nb6 11. Bb3 a5 12. a4 Ba6 13. 0-0 e6 14. Qd2 Qh4 15. Qe3 Rfd8 16. Rfd1 Bb7 17. Nb5 Rd7 18. c3 Rad8 19. Qf4 Qe7 20. Ng3 Bd5 21. Bxd5 Nxd5 22. Qf3 f5 23. Re1 Qf7 24. Na3 Nb6 25. Nc2 Nc4 26. Na3 Nxb2 27. Qc6 Rd6 28. Qb5 Rb6 29. Qxa5 Rdb8 30. Qa7 c6 31. Qxf7+ Kxf7 32. a5 Rb3 33. Ne2 Ra8 34. Nc2 Nc4 35. a6 Bf8 36. g3 g5 37. Ra4 Nd2 38. Rd1 Ne4 39. Nb4 Nxc3 40. Nxc3 Bxb4 41. Rb1 Rxb1+ 42. Nxb1 c5 43. dxc5 Bxc5 44. Nc3 Ke7 45. g4 Kd6 46. gxf5 exf5 47. Kg2 Kc6 48. h4 h6 49. hxg5 hxg5 50. Ra2 Bd6 51. Ne2 1/2-1/2

[Event "Wuertemberg-ch Seniors 27th"]
[Site "Freudenstadt"]
[Date "2015.07.10"]
[Round "8"]
[White "Merkel, Gerd"]
[Black "Rieke, Theo"]
[Result "0-1"]
[WhiteElo "2203"]
[BlackElo "2037"]
[PlyCount "98"]
[EventDate "2015.07.03"]
[EventType "swiss"]
[EventRounds "9"]
[EventCountry "GER"]
[SourceTitle "EXT 2016"]
[Source "ChessBase"]
[SourceDate "2015.10.08"]
[SourceVersion "1"]
[SourceVersionDate "2015.10.08"]
[SourceQuality "1"]

1. d4 Nf6 2. c4 g6 3. Nc3 Bg7 4. e4 d6 5. f4 0-0 6. Nf3 c5 7. d5 e6 8. Be2 exd5 9. cxd5 a6 10. a4 Bg4 11. 0-0 Nbd7 12. h3 Bxf3 13. Bxf3 Re8 14. Re1 Qc7 15. Be3 Rab8 16. a5 b5 17. axb6 Rxb6 18. Ra2 Reb8 19. Re2 Ne8 20. Qd2 Qd8 21. Bf2 Nc7 22. Bg4 h5 23. Bxd7 Qxd7 24. e5 Re8 25. Ne4 dxe5 26. Nxc5 Qxd5 27. Qxd5 Nxd5 28. Nd3 Rb3 29. Nc5 Nxf4 30. Nxb3 Nxe2+ 31. Kf1 Nf4 32. Nc5 e4 33. Bg3 Nd3 34. Nxd3 exd3 35. Rxa6 Rd8 36. Rd6 Rxd6 37. Bxd6 Bxb2 38. Bb4 Bd4 39. Ke1 Be3 40. Bd2 Bxd2+ 41. Kxd2 Kg7 42. Kxd3 Kf6 43. Ke4 g5 44. g4 hxg4 45. hxg4 Ke6 46. Kd4 f5 47. gxf5+ Kxf5 48. Ke3 Kg4 49. Kf2 Kh3 0-1

[Event "NRW Class2 1415"]
[Site "Germany"]
[Date "2015.03.22"]
[Round "8.7"]
[White "Rieke, Theo"]
[Black "Tkachuk, Sergij"]
[Result "1/2-1/2"]
[WhiteElo "1984"]
[BlackElo "2143"]
[PlyCount "45"]
[EventDate "2014.09.14"]
[EventType "team-tourn"]
[EventRounds "9"]
[EventCountry "GER"]
[SourceTitle "EXT 2017"]
[Source "ChessBase"]
[SourceDate "2016.10.25"]
[SourceVersion "1"]
[SourceVersionDate "2016.10.25"]
[SourceQuality "1"]
[WhiteTeam "Neuenkirchen"]
[BlackTeam "Bochum SG II"]
[WhiteTeamCountry "GER"]
[BlackTeamCountry "GER"]

1. g3 Nf6 2. Bg2 d5 3. Nf3 e6 4. 0-0 Be7 5. b3 0-0 6. Bb2 c5 7. c4 Nc6 8. cxd5 Nxd5 9. Nc3 Nxc3 10. Bxc3 Bd7 11. d4 Rc8 12. Qd2 cxd4 13. Nxd4 Bf6 14. Rfd1 Qb6 15. Nxc6 Bxc6 16. Bxf6 gxf6 17. Qh6 Bxg2 18. Kxg2 e5 19. Rac1 Qe6 20. Qe3 b6 21. Qd3 Rxc1 22. Rxc1 Rc8 23. Rd1 1/2-1/2

[Event "NRW Class2 1314"]
[Site "Germany"]
[Date "2014.01.12"]
[Round "5.2"]
[White "Rieke, Theo"]
[Black "Adamski, Jan"]
[Result "1/2-1/2"]
[WhiteElo "1999"]
[BlackElo "2281"]
[PlyCount "38"]
[EventDate "2013.09.15"]
[EventType "team-tourn"]
[EventRounds "9"]
[EventCountry "GER"]
[SourceTitle "EXT 2015"]
[Source "ChessBase"]
[SourceDate "2014.11.20"]
[SourceVersion "1"]
[SourceVersionDate "2014.11.20"]
[SourceQuality "1"]
[WhiteTeam "Neuenkirchen"]
[BlackTeam "Letmathe"]
[WhiteTeamCountry "GER"]
[BlackTeamCountry "GER"]

1. Nf3 Nf6 2. c4 e6 3. d4 c5 4. Nc3 cxd4 5. Nxd4 Bb4 6. Bd2 Nc6 7. e3 0-0 8. a3 Be7 9. Be2 d5 10. cxd5 exd5 11. 0-0 Bd6 12. Ncb5 Bb8 13. Nf3 Ne4 14. Rc1 Re8 15. Bc3 Bg4 16. Nbd4 Qd6 17. g3 Qd7 18. Nxc6 bxc6 19. Ne5 Bxe5 1/2-1/2